000 00417pab a2200169 454500
008 180718b2013 xxu||||| |||| 00| 0 eng d
100 _aAnuradha Kumar
245 _aGandhian methodology for women's empowerment
260 _c2013
300 _ap.313-318.
362 _aApr-Jun
650 _aWomen
650 _aGandhi, M.K.
773 _aIndian Journal of Political Science
908 _aN
909 _a106065
999 _c106060
_d106060